00890nam a22002175i 450000100060000000300090000600500170001500700030003200800410003504000200007610000400009624501070013626000610024330000680030465100420037265100430041465100530045785200210051099900170053195201240054848775ES-MaACL20230906161822.0t|950731s1896 fr a ||||1| fre d aCAM bspa cCAM1 aDiehl, Charles (d1859-1914)94458812aL'Afrique Byzantine b: histoire de la domination byzantine en Afrique: 533-709 / cpar Charles Diehl. aParis : bErnest Leroux, c1896 (eAngers : fA. Burdin) a[4], XIV, 644 p., [10], [2] h. de map. pleg. : bil. ; c25 cm. 4aMagreb-xHistoria-y647-1517.9155943 4aMagreb-xHistoria-yHasta 647.9158883 4aImperio bizantino-xHistoria-y527-1081.9147375 aES-MaACLjC-1848 c48775d48775 001040708LIBXIXaATENEOMbATENEOMcSPALd2008-01-17eSCl0oC-1848p1051329r2023-02-23 00:00:00w2023-02-23yMONANT